000 00918nam a2200277 i 4500
001 11466
003 ES-MaACL
005 20230906150116.0
007 t|
008 921110s1992 sp |||| | spa j
020 _a84-7100-518-2
080 _a355.1(8=60)"1806/30"
100 1 _aSemprún, José.
_9105419
245 1 3 _aEl ejército realista en la independencia americana /
_cJosé Semprún, Alfonso Bullón de Mendoza.
260 _aMadrid :
_bMAPFRE,
_cD.L. 1992.
300 _a346 p. ;
_c23 cm.
490 1 _aArmas y América ;
_v8
500 _aÍndices.
504 _aBibliografía: p. [327]-346.
650 1 4 _aFuerzas armadas-
_zEspaña-
_yS.XIX.
_913003
651 4 _aAmérica española-
_xHistoria-
_y1806-1830, Guerras de la Independencia.
_97726
700 1 _aBullón de Mendoza, Alfonso.
_932517
830 0 _aArmas y América ;
_v8
_9179104
852 _aES-MaACL
_jL-18791
999 _c11466
_d11466